000 00615nam a22002297a 4500
003 UA-OsUOA
001 34303
007 ta
008 20050927b un ||||| |||| 00| 0 ukr d
100 _aГоте Гюнтер
090 _a821.112.2
_bГ73
942 _cBK
040 _aUA-OsUOA
_bukr
_cUA-OsUOA
_dUA-OsUOA
245 _aПід двома прізвищами
300 _a136 с.
955 _a3
041 _aukr
080 _a821.112.2
260 _aК.
_bРадянський письменник
650 7 _a82 Література. Літературознавство
_2UDC
999 _c320740
_d320740